A design for virus prevention and detection using integrity checking /
Saved in:
| 主要作者: | |
|---|---|
| 格式: | Thesis |
| 語言: | English |
| 出版: |
Gombak, Selangor :
International Islamic University Malaysia,
2003
|
| 主題: | |
| 在線閱讀: | Click here to view 1st 24 pages of the thesis. Members can view fulltext at the specified PCs in the library. |
| 標簽: |
添加標簽
沒有標簽, 成為第一個標記此記錄!
|
| LEADER | 021380000a22003850004500 | ||
|---|---|---|---|
| 001 | 260443 | ||
| 005 | 20100107170600.0 | ||
| 008 | 030709s2003 my a g 000 0 eng d | ||
| 035 | |a (Sirsi) 260443 | ||
| 040 | |a UIAM |b eng | ||
| 041 | 0 | |a eng | |
| 043 | |a a-my--- | ||
| 049 | |b m | ||
| 050 | 0 | 0 | |a QA76.76.C68 |
| 100 | 1 | |a Enemosah, Hassan | |
| 245 | 1 | 2 | |a A design for virus prevention and detection using integrity checking / |c by Hassan Enemosah |
| 260 | |a Gombak, Selangor : |b International Islamic University Malaysia, |c 2003 | ||
| 300 | |a vii, 121 lvs. : |b ill. ; |c 30 cm. | ||
| 500 | |a Abstracts in English and Arabic. | ||
| 500 | |a "A Dissertation submitted in partial fulfilment of the requirement for the Degree of M.Sc. Computer and Information Engineering."--On t.p. | ||
| 502 | |a Thesis (MSc.)--International Islamic University Malaysia, 2003. | ||
| 504 | |a Includes bibliographical references. | ||
| 596 | |a 1 | ||
| 650 | 0 | |a Computer viruses | |
| 650 | 0 | |a Computer security | |
| 655 | 0 | 7 | |a Theses, IIUM local |
| 690 | 0 | |a Dissertations, Academic |x Department of Electrical and Computer Engineering |z IIUM | |
| 710 | 2 | |a International Islamic University Malaysia. |b Department of Electrical and Computer Engineering | |
| 856 | 4 | |u http://studentrepo.iium.edu.my/handle/123456789/4604 |z Click here to view 1st 24 pages of the thesis. Members can view fulltext at the specified PCs in the library. | |
| 900 | |a bib-mbs-hj-za-naw | ||
| 999 | |c 432317 |d 463288 | ||
| 952 | |0 0 |6 T QA 000076.76 C68 E56D 2003 |7 0 |8 THESES |9 751957 |a IIUM |b IIUM |c MULTIMEDIA |g 0.00 |o t QA 76.76 C68 E56D 2003 |p 11100325141 |r 2017-10-20 |t 2 |v 0.00 |y THESIS | ||
| 952 | |0 0 |6 LU T QA 76.76 C68 E56D 2003 |7 0 |8 THESES |9 754117 |a IIUM |b IIUM |c CLOSEACCES |g 0.00 |o lu t QA 76.76 C68 E56D 2003 |p 00000731743 |r 2017-10-25 |t 1 |v 0.00 |y THESIS | ||
| 952 | |0 0 |6 TS CDF QA 76.76 C68 E56D 2003 |7 0 |8 THESES |9 811362 |a IIUM |b IIUM |c MULTIMEDIA |g 0.00 |o ts cdf QA 76.76 C68 E56D 2003 |p 11100326613 |r 2017-10-26 |t 1 |v 0.00 |y THESISDIG | ||
| 952 | |0 0 |6 T DK QA76.76C68E56D 2003 |7 0 |8 THESES |9 811363 |a IIUM |b IIUM |c MULTIMEDIA |g 0.00 |o t dk QA76.76C68E56D 2003 |p 00000731744 |r 2017-11-28 |t 1 |v 0.00 |y THESISDIG | ||
